Które wydarzenie odbyło się najwcześniej? #1 - Statystyki

Ogólne statystyki
  • Ten quiz został rozwiązany 425 razy
  • Średni wynik to 5 z 12
Statystyki odpowiedzi
Zagadnienie Odpowiedź % Poprawnych
Które wydarzenie odbyło się najwcześniej? Pierwszy lot samolotem braci Wright
100%
Które wydarzenie odbyło się najwcześniej? Wybranie Karola Wojtyły na papieża
100%
Które wydarzenie odbyło się najwcześniej? III Rozbiór Polski
50%
Które wydarzenie odbyło się najwcześniej? Lądowanie ludzi na księżycu
50%
Które wydarzenie odbyło się najwcześniej? Odkrycie Ameryki przez Krzysztofa Kolumba
50%
Które wydarzenie odbyło się najwcześniej? Przyjęcie Polski do NATO
50%
Które wydarzenie odbyło się najwcześniej? Strajk szkolny dzieci we Wrześni
50%
Które wydarzenie odbyło się najwcześniej? Bitwa pod Grunwaldem
0%
Które wydarzenie odbyło się najwcześniej? Chrzest Danii
0%
Które wydarzenie odbyło się najwcześniej? Najazd Heftalitów na Persję
0%
Które wydarzenie odbyło się najwcześniej? Śmierć Jezusa Chrystusa
0%
Które wydarzenie odbyło się najwcześniej? Założenie Nowego Jorku
0%
Nie znaleziono quizów pasujących do podanych kryteriów
Rozkład punktacji
Procent ludzi z każdym wynikiem
Percentyl według liczby udzielonych odpowiedzi
Twoja historia wyników
Nie rozwiązałeś tego quizu